| 000 | 00638nam a2200193Ia 4500 | ||
|---|---|---|---|
| 003 | PILC | ||
| 005 | 20160330121308.0 | ||
| 008 | 140321s9999 xx 000 0 und d | ||
| 020 | _a9781121889897 | ||
| 050 |
_aHD 62.4 _b.H55 2013 |
||
| 100 | _aHill, Charles W. L. | ||
| 245 |
_aInternational business / _cCharles W. L. Hill, Chow-Hou Wee and Krishna Udayasanker. |
||
| 260 |
_aPhilippines : _bMcGraw-Hill, _c2013. |
||
| 300 |
_a320 pages : _billustrations ; _c26 cm. |
||
| 500 | _aIncludes bibliographical references and index. | ||
| 650 |
_aInternational business enterprises _xManagement. |
||
| 942 |
_kFOR _cBK _2lcc |
||
| 999 |
_c48327 _d48327 |
||